000 00395nam a2200181Ia 4500
005 20240823030142.0
008 240823s9999||||xx |||||||||||||| ||und||
041 _aENGLISH
082 _A823 P8
100 _aRavichadran R
245 0 _aNattuppura pattu
250 _a1st
260 _c2008
_bNal
500 _aYES
650 _aNattupura Pattu
_bGeneral
942 _cBK
999 _c188014
_d188014